000 00380nam a2200157Ia 4500
100 _aMalik/D.S/ Sen/M.K
650 _aDiscrete structures
942 _cBK
366 _f20
654 _adiscrete mathematical strucutres
245 _aDiscrete Mathematical structures
260 _bThomas learning
_aMumbai
_c2004
082 _a510/MAL
_bMAL
546 _aENGLISH
999 _c23943
_d23943